|
|
|
|
| LEADER |
00000nam0a2200000 4500 |
| 001 |
150871 |
| 005 |
20231031150319.0 |
| 020 |
|
|
|a RU
|b 85-45098
|
| 035 |
|
|
|a (RuTPU)RU\TPU\book\163580
|
| 090 |
|
|
|a 150871
|
| 100 |
|
|
|a 20090115d1985 m y0rusy5003 ca
|
| 101 |
0 |
|
|a rus
|
| 102 |
|
|
|a RU
|
| 105 |
|
|
|a a z 000ay
|
| 200 |
1 |
|
|a Штормы идут с запада
|e повесть
|f В. А. Толмасов
|
| 210 |
|
|
|a Архангельск
|c Северо-Западное книжное издательство
|d 1985
|
| 215 |
|
|
|a 237 с.
|c ил.
|d 20 см
|
| 610 |
1 |
|
|a русская литература
|
| 610 |
1 |
|
|a повести
|
| 610 |
1 |
|
|a Великая Отечественная война 1941-1945
|
| 610 |
1 |
|
|a Северный военно-морской флот
|
| 675 |
|
|
|a Р2
|z rus
|v 3
|
| 700 |
|
1 |
|a Толмасов
|b В. А.
|g Владимир Александрович
|4 070
|
| 801 |
|
0 |
|a RU
|b RuMRKP
|c 19950704
|g psbo
|
| 801 |
|
1 |
|a RU
|b 63413507
|c 20090115
|g PSBO
|
| 801 |
|
2 |
|a RU
|b 63413507
|c 20140226
|g PSBO
|
| 942 |
|
|
|c BK
|